000 01164nam a22003617a 4500
001 0028608
003 KOHA_MİRAKIL
005 20260207002635.0
007 ta
008 110316b1989 tu |||gr||||#||||0|tur |
020 _c0,01
040 _aTR-BiSEU
_btur
_cTR-BiSEU
_erda
041 0 _atur
044 _ctu
050 _aLC903
_b.B39 1989
100 1 _aBayraklı, Bayraktar.
245 1 _aİslamda eğitim :
_bbatı eğitim sistemleriyle mukayeseli/
_cBayraktar Bayraklı ; Bayraktar Bayraklı.
264 1 _aİstanbul :
_bMarmara Üniversitesi İlahiyat Fakültesi Vakfı
_c1989
300 _a302 s.
336 _ametin
_btxt
_2rdacontent
337 _aaracısız
_bn
_2rdamedia
338 _acilt
_bnc
_2rdacarrier
490 1 _aMarmara Üniversitesi İlahiyat Fakültesi Vakfı yayınları ;
_vnu.
490 1 _a36.
490 1 _aİlmi eserler serisi ;
_v23
500 _aDizin var.
500 _aKaynakça var.
650 0 _aİslam eğitimi.
_926334
830 1 _aMarmara Üniversitesi İlahiyat Fakültesi Vakfı yayınları ;
_vnu.
_935218
830 1 _a36.
_93922
830 1 _aİlmi eserler serisi ;
_v23
_930291
942 _2lcc
_cBK
999 _c28530
_d28530